[Event "Praia op 2nd"]
[Site "Praia a Mare"]
[Date "2010.03.31"]
[Round "1"]
[White "Maradei, Francesco"]
[Black "Greco, Simone"]
[Result "0-1"]
[WhiteElo "1440"]
[BlackElo "1587"]
[PlyCount "72"]
[EventDate "2010.03.31"]
[EventType "swiss"]
[EventRounds "5"]
[EventCountry "ITA"]
[SourceTitle "EXT 2023"]
[Source "ChessBase"]
[SourceDate "2022.10.05"]
[SourceVersion "1"]
[SourceVersionDate "2022.10.05"]
[SourceQuality "1"]

1. Nf3 Nc6 2. e4 e5 3. Nc3 Nf6 4. Bc4 h6 5. 0-0 d6 6. h3 Be7 7. d3 Bd7 8. Be3 a6 9. d4 exd4 10. Bxd4 b5 11. Bxf6 Bxf6 12. Bd5 Rb8 13. Bxc6 Bxc6 14. Re1 0-0 15. e5 dxe5 16. Qxd8 Rfxd8 17. Nxe5 Bxe5 18. Rxe5 Re8 19. Rf5 b4 20. Nd5 Rb5 21. Nxc7 Rxf5 22. Nxe8 Bxe8 23. g4 Rc5 24. Re1 Bb5 25. h4 Rxc2 26. Re5 Rxb2 27. f4 Rxa2 28. g5 Ra1+ 29. Kf2 Rf1+ 30. Kg3 hxg5 31. fxg5 b3 32. Rd5 b2 33. Rd6 b1Q 34. h5 Qb3+ 35. Kg4 Qf3+ 36. Kh4 Rh1# 0-1